Responses for Show #4053 - Wednesday, March 27, 2002

Contestants

[<< previous game]

Scott Schneider, a high school teacher from Louisville, Kentucky

Linda Eaton, a training consultant from Clarence, New York

Ella Rich, a freelance translator originally from Springfield, Missouri (whose 1-day cash winnings total $6,801)

[next game >>]

Jeopardy! Round responses

THE SON ALSO RISES
FORMAL COUNTRY DESIGNATIONS
DISEASES
'90s MUSIC
A BARTENDERS' GUIDE
ENDS IN "A"
    $200 6
Prince William

Linda
    $200 21
states

Ella
    $200 26
diabetes

Scott
    $200 1
Britney Spears

Ella
    $200 7
a spritzer

Scott
    $200 12
hula

Ella
    $400 17
John Huston

Linda
    $400 22
(Alex: The old Seahawk home is the Kingdome, and Sweden, hence, is a [*].)

kingdom

Triple Stumper
    $400 27
Pasteur

Scott
    $400 2
Kurt Cobain

Ella
    $400 8
Waterloo

Scott
    $400 13
tea

Ella
    $600 18
Anne Rice

Linda
    $600 23
confederation

Scott
    $600 28
aspirin

Linda
    $600 3
"That Don't Impress Me Much"

Ella
    $600 9
St. Patrick's Day

Ella
    $600 14
a diploma

Linda
    $800 19
John Quincy Adams

Triple Stumper
    $800 24
an Islamic republic

Triple Stumper
    $800 29
diphtheria

Linda
    $800 4
LL Cool J

Scott
    $500 10
Tequila

Ella
    $800 15
the orchestra

Ella
    $1000 20
(Alex: And that would be the former mayor of Chicago, [*].)

Richard Daley

Triple Stumper
    $1000 25
a principality

Linda
    $1000 30
rubella

Scott
    $1000 5
Chris Isaak

Scott
    $1000 11
(Scott: What is blue "curacko"?)

Blue CuraƧao

LindaScott
    $1000 16
ninja

Ella

Scores at the first commercial break (after clue 16):

Ella Linda Scott
$4,700 $1,800 $1,400

Scores at the end of the Jeopardy! Round:

Ella Linda Scott
$4,900 $5,200 $3,600

Double Jeopardy! Round responses

THE SUN ALSO RISES
(Alex: This time a reference to the literary work.)
THE "BIG" SCREEN
HISTORIC PEOPLE
INSTITUTIONS
YOU LITTLE MINKS!
THE 60s
(Alex: That little mink looked cute.)
    $400 7
Hemingway

Ella
    $400 1
The Big Chill

Scott
    $400 6
the War of 1812

Linda
    $400 21
(Linda: What is bluegrass?)
(Scott: What is the blues?)

jazz

EllaLindaScott
    $400 26
a skunk

Ella
    $400 16
Route 66

Scott
    $800 8
Paris

Scott
    $800 2
Bright Lights, Big City

Triple Stumper
    $800 12
King Kamehameha

Scott
    $800 22
(Ella: What is marine science?)

oceanography

EllaScott
    $800 27
an owl

Scott
    $800 17
(Linda: What is $64,000?)

$64

Linda
Triple Stumper
    $1200 9
Ecclesiastes

Linda
    $1200 3
(Alex: She was cool as [*].)

Big Bad Mama

Triple Stumper
    $1200 13
the Huguenots

Ella
    $2,000 23
the Bill Clinton Library

Scott
    $1200 28
weasels

Triple Stumper
    $1200 18
61

Scott
    $1,500 10
(Alex: [*], where they have the running of the bulls.)

Pamplona

Linda
    $1600 4
The Big Red One

Scott
    $1600 14
Lancelot

Ella
    $1600 24
(Ella: What is the Met?)

the Lincoln Center

EllaScott
    $1600 29
faux (fur)

Ella
    $1600 19
(Ella: What is 65?)

67

EllaScott
    $2000 11
(Alex: Tyrone Power played him in the film, [*].)

Jake Barnes

Triple Stumper
    $2000 5
Big Trouble in Little China

Scott
    $2000 15
the Hapsburgs

Triple Stumper
    $2000 25
Golden Gate University

Triple Stumper
    $2000 30
a crayfish

Scott
    $2000 20
'68 (1968)

Ella

Scores at the end of the Double Jeopardy! Round:

Ella Linda Scott
$8,500 $7,100 $19,200
(lock game)

[wagering suggestions for these scores]

Final Jeopardy! Round responses

IN THE BOOKSTORE
(Alex: [To Ella] Who is Morgan?)
(Ella: Morgan is my 10-month-old daughter.)
(Alex: All right. She got a mention, and you can save the day.)
...
(Alex: The reference was to the 1927 Yankees. They had such great batters that they were called [*].)
LindaWhat is The Black Sox?
$7,000
EllaWhat is Morgan?
$4,900
ScottWhat is The Gashouse Gang?
$2,100
Murderers' Row

Final scores:

Ella Linda Scott
$3,600 $100 $17,100
2nd place: trip for 2 to Sonesta Beach Resort & Villas Anguilla 3rd place: trip for 2 to the Hard Rock Hotel, Las Vegas New champion: $17,100

Game dynamics:

Coryat scores:

Ella Linda Scott
$8,800 $7,200 $18,400
17 R
(including 1 DD),
3 W
11 R
(including 1 DD),
2 W
21 R
(including 1 DD),
2 W

Combined Coryat: $34,400

[game clues] [game scores] [suggest correction]

Game tape date: 2001-12-12
The J! Archive is created by fans, for fans. Scraping, republication, monetization, and malicious use prohibited; this site may use cookies and collect identifying information. See terms. The Jeopardy! game show and all elements thereof, including but not limited to copyright and trademark thereto, are the property of Jeopardy Productions, Inc. and are protected under law. This website is not affiliated with, sponsored by, or operated by Jeopardy Productions, Inc. Join the discussion at JBoard.tv.